| 000 | 00532aam a2200217 4500 | ||
|---|---|---|---|
| 005 | 20250219121632.0 | ||
| 008 | 150714b2002 xxu||||| |||| 00| 0 spa d | ||
| 041 |
_aING _aESP |
||
| 082 | _aR 428.3 I51i | ||
| 100 | _aCuevas Mesa, Guillermina | ||
| 245 | _aInglés: turismo, hotelería y restaurantes | ||
| 260 | _aMéxico | ||
| 260 | _bLarousse | ||
| 260 | _c2002 | ||
| 300 | _a318 páginas | ||
| 650 | _aINGLÉS | ||
| 650 | _aENSEÑANZA | ||
| 650 | _aTURISMO | ||
| 650 | _aCOMPRENSIÓN DE LECTURA | ||
| 942 |
_cREF _2ddc |
||
| 999 |
_c1721 _d1721 |
||